000 00249nam a22001097a 4500
040 _cSY
082 _a895
100 _aហ៊ីង សាលីន
245 _aអក្សរសាស្រ្ត
260 _aRUA
_bហ៊ីង
_c2008
942 _cKB
999 _c9088
_d9088